Chansons de PNL - Album Le Monde Chico - Statistiques

Statistiques générales
  • Ce quiz a été pris 160 fois
  • Le résultat moyen est 12 sur 17
Statistiques - réponses
Ordre dans l'album Chansons % Correct
12 Le M
99%
01 Le monde ou rien
92%
02 Sur Paname
83%
07 Mexico
79%
13 Rebenga
73%
16 Tempête
72%
03 Oh lala
71%
05 Abonné
70%
06 J'suis PNL
65%
15 Que la mif
65%
08 Porte de Mesrine
64%
17 Dans la soucoupe
63%
04 J'vends
62%
14 Plus Tony que Sosa
61%
10 Laisse
58%
09 Dans ta rue
57%
11 Loin des hommes
53%
Aucun quiz correspondant
Distribution des résultats
% des personnes avec chaque résultat
Percentile par nombre de réponses
Votre historique - résultats
Vous n’avez pas pris ce quiz